Report of the comptroller and auditor general of India on general and social sector (Record no. 512245)

000 -LEADER
fixed length control field 00417cam a22001337a 4500
008 - FIXED-LENGTH DATA ELEMENTS--GENERAL INFORMATION
fixed length control field 180718b2017 xxu||||| |||| 00| 0 eng d
082 ## - DEWEY DECIMAL CLASSIFICATION NUMBER
Classification number L906x5442 G/2018
100 ## - MAIN ENTRY--PERSONAL NAME
Personal name Government of Maharashtra
9 (RLIN) 13263
245 ## - TITLE STATEMENT
Title Report of the comptroller and auditor general of India on general and social sector
260 ## - PUBLICATION, DISTRIBUTION, ETC. (IMPRINT)
Place of publication, distribution, etc Mumbai
Name of publisher, distributor, etc Government of Maharashtra
Date of publication, distribution, etc 2018
300 ## - PHYSICAL DESCRIPTION
Extent 162p.
440 ## - SERIES STATEMENT/ADDED ENTRY--TITLE
Title no.1
9 (RLIN) 13264
942 ## - ADDED ENTRY ELEMENTS (KOHA)
Source of classification or shelving scheme
Holdings
Withdrawn status Lost status Source of classification or shelving scheme Damaged status Koha normalized classification for sorting Not for loan Permanent location Current location Date acquired Full call number Barcode Date last seen Price effective from Koha item type
        L_906X5442_G_2018_000000000000000   Indian Institute of Public Administration Indian Institute of Public Administration 2019-11-15 L906x5442 G/2018 gg34729 2019-11-15 2019-11-15 GG

Powered by Koha